000 01007nam1a22002291i 4500
001 rc\441552
005 20260406113512.0
035 _a(NLR Aleph) 005807296
090 _a5354986
_c5354986
100 _a20030616d1987 u |0rusy50 ca
101 0 _arus
102 _aRU
105 _ay |||||||||
200 1 _aСВОДНЫЙ указатель иностранных журналов, получаемых библиотеками Армянской ССР
_dSummary index of foreign longuages journals available in the libraries of the Armenian SSR...
_fАН АрмССР. Фундам. науч. б-ка
210 _aЕреван
_cИзд-во АН АрмССР
_d1987
215 _d20
510 0 _aSummary index of foreign longuages journals available in the libraries of the Armenian SSR...
712 0 2 _aАН АрмССР
_cЕреван
_bФундаментальная б-ка
_3RU\NLR\AUTH\889510
_9291460
801 0 _aRU
_bNLR
_gpsbo
801 1 _aRU
_bELAR
_2rusmarc
852 _aNLR
_jОНЛ
942 _cBOOK